000 00689nam a2200265Ia 4500
005 20260121170904.0
008 008 260114s9999 xx 000 0 eng d
020 _a9783030028497
037 _aEBOOK
040 _aCRL
040 _beng
040 _cCRL
041 _2eng
041 _aeng
084 _qCRL
100 _aNoureddine Boudriga, Mohamed-Slim Alouini, Slim Rekhis, Essaid Sabir, Sofie Pollin
_91069404
245 0 _aUbiquitous Networking
260 _bSpringer
260 _bSpringer
260 _c2018
856 _uhttps://link.springer.com/openurl?genre=book&isbn=978-3-030-02849-7
942 _cEBOOK
999 _c1635134
_d1635134